00480nam a2200193Ia 4500003000900000008004100009040001300050040001300063041000800076100003500084245004300119250001300162260001200175260000900187300001000196490004400206490000600250600003000256IT-RoPAU120407s9999 xx 000 0 und d aIT-RoPAU cIT-RoPAU aita aCeslas Spicq al secolo Bernard aNote di lessicografia neotestamentaria aBrescia  aPaideia c1988 c25 cm aSupplementi al Grande Lessico del N. T. v4 a1° v. A-K 946 p.